| 000 | 00747nam a2200229 i 4500 | ||
|---|---|---|---|
| 001 | 52899 | ||
| 003 | ES-MaACL | ||
| 005 | 20230906162650.0 | ||
| 007 | t| | ||
| 008 | 030910s1968 sp ||||1| spa d | ||
| 100 | 1 |
_aDelachet, André. _943280 |
|
| 245 | 1 | 0 |
_aCálculo vectorial y cálculo tensorial / _cAndré Delachet ; [traducida por Ramón Ortiz Fornaguera]. |
| 260 |
_aMadrid : _bTecnos, _c[1968] |
||
| 300 |
_a144 p. ; _c20 cm. |
||
| 490 | 1 | _aSelecciones Científicas "Tecnos" | |
| 650 | 4 |
_aAnálisis vectorial. _9154292 |
|
| 650 | 4 |
_aCálculo tensorial. _9170183 |
|
| 700 | 1 |
_aOrtiz Fornaguera, Ramón. _987616 |
|
| 830 | 0 |
_aSelecciones Científicas "Tecnos" _9220902 |
|
| 852 |
_aES-MaACL _jG-4547 _bR.65965 |
||
| 999 |
_c52899 _d52899 |
||